[Event "BCF-ch U14"]
[Site "Bournemouth"]
[Date "2016.07.27"]
[Round "4"]
[White "Bains Gillespie, Ethan"]
[Black "Manocha, Shobhin"]
[Result "1/2-1/2"]
[WhiteElo "1576"]
[BlackElo "1161"]
[PlyCount "89"]
[EventDate "2016.07.24"]
[EventType "swiss"]
[EventRounds "7"]
[EventCountry "ENG"]
[SourceTitle "EXT 2017"]
[Source "ChessBase"]
[SourceDate "2016.10.25"]
[SourceVersion "1"]
[SourceVersionDate "2016.10.25"]
[SourceQuality "1"]

1. d4 d5 2. c4 c6 3. Nc3 dxc4 4. Nf3 Nf6 5. g3 b5 6. Bg2 Bb7 7. Ne5 Qc7 8. 0-0 e6 9. e4 Nbd7 10. Bf4 Qc8 11. d5 Nxe5 12. Bxe5 b4 13. Na4 cxd5 14. Bxf6 gxf6 15. exd5 h5 16. Re1 e5 17. Rc1 h4 18. Re4 hxg3 19. hxg3 Ba6 20. d6 Bb5 21. b3 Qd7 22. Rexc4 Bxc4 23. Bxa8 Bb5 24. Qd5 Bxd6 25. Nc5 Bxc5 26. Qxc5 Qd3 27. Qc8+ Qd8 28. Bb7 Rh7 29. Qf5 Bd3 30. Qxh7 Bxh7 31. Rc8 Bb1 32. Rxd8+ Kxd8 33. Bd5 Ke7 34. Kg2 Bxa2 35. Kf3 Kd6 36. Bxf7 Kc5 37. Ke4 Bb1+ 38. Ke3 a5 39. Be8 Bc2 40. Bf7 a4 41. bxa4 Bxa4 42. Bg6 Kc4 43. f4 b3 44. fxe5 fxe5 45. Ke4 1/2-1/2

[Event "BCF-ch U14"]
[Site "Bournemouth"]
[Date "2016.07.26"]
[Round "3"]
[White "Hafstad, Leif"]
[Black "Bains Gillespie, Ethan"]
[Result "0-1"]
[WhiteElo "1486"]
[BlackElo "1576"]
[PlyCount "142"]
[EventDate "2016.07.24"]
[EventType "swiss"]
[EventRounds "7"]
[EventCountry "ENG"]
[SourceTitle "EXT 2017"]
[Source "ChessBase"]
[SourceDate "2016.10.25"]
[SourceVersion "1"]
[SourceVersionDate "2016.10.25"]
[SourceQuality "1"]

1. e4 c5 2. Nf3 d6 3. Bb5+ Nc6 4. Bxc6+ bxc6 5. 0-0 Nf6 6. Re1 g6 7. d3 Bg7 8. e5 dxe5 9. Nxe5 Bd7 10. Nc3 0-0 11. Be3 Ne4 12. dxe4 Bxe5 13. f4 Bd4 14. Bxd4 cxd4 15. Qxd4 Qc7 16. Qe3 Rab8 17. b3 c5 18. Nd5 Qd6 19. c4 Bc6 20. e5 Qe6 21. Qxc5 Bxd5 22. Qxd5 Qb6+ 23. Kh1 Rfd8 24. Qf3 Rd2 25. Red1 Rbd8 26. Rxd2 Rxd2 27. Rd1 Rxa2 28. h3 Rf2 29. Qg3 Rb2 30. Kh2 Rxb3 31. Rd3 Rb1 32. Qe3 Qxe3 33. Rxe3 Rc1 34. Re4 a5 35. Kg3 a4 36. c5 a3 37. Ra4 Rc3+ 38. Kh4 Kf8 39. c6 Rxc6 40. Rxa3 Kg7 41. g4 Rc4 42. Kg3 e6 43. Ra7 Rc3+ 44. Kh4 Rf3 45. Ra4 h6 46. g5 hxg5+ 47. fxg5 Rf5 48. Ra5 Kf8 49. Kg4 Rf1 50. Ra7 Rf5 51. Ra5 Ke7 52. Ra7+ Ke8 53. Ra5 Kd7 54. Rc5 Rf1 55. h4 Rd1 56. Kf4 Rd4+ 57. Kg3 Rd5 58. Rxd5+ exd5 59. Kf3 Ke6 60. Kf4 d4 61. Ke4 d3 62. Kxd3 Kf5 63. Ke3 Kg4 64. Ke4 Kxh4 65. Kf4 Kh5 66. Ke4 Kxg5 67. Kd5 Kf5 68. Kd4 g5 69. Kd5 g4 70. Kd4 Kf4 71. Kd5 g3 0-1

[Event "BCF-ch U14"]
[Site "Coventry"]
[Date "2015.08.04"]
[Round "4"]
[White "Bains Gillespie, Ethan"]
[Black "Miller, Dominic"]
[Result "0-1"]
[WhiteElo "1506"]
[BlackElo "1816"]
[PlyCount "70"]
[EventDate "2015.08.02"]
[EventType "swiss"]
[EventRounds "7"]
[EventCountry "ENG"]
[SourceTitle "CBM 167 Extra"]
[Source "ChessBase"]
[SourceDate "2015.09.14"]
[SourceVersion "1"]
[SourceVersionDate "2015.09.14"]
[SourceQuality "1"]

1. c4 c5 2. g3 Nc6 3. Bg2 g6 4. Nc3 Bg7 5. d3 e6 6. e4 Nge7 7. Nge2 0-0 8. 0-0 d6 9. f4 a6 10. Rb1 Rb8 11. a4 Bd7 12. h3 f5 13. Be3 Nd4 14. Bf2 b5 15. axb5 axb5 16. Nxd4 cxd4 17. Ne2 e5 18. Kh2 bxc4 19. dxc4 Qc8 20. b3 fxe4 21. Bxe4 Bxh3 22. Re1 Bg4 23. Qd3 Bxe2 24. Rxe2 exf4 25. gxf4 Qg4 26. Bg3 Nf5 27. Bxf5 Rxf5 28. Qe4 Rbf8 29. Qe6+ Kh8 30. Kg2 d3 31. Rd2 Be5 32. Rxd3 Qe2+ 33. Bf2 Rg5+ 34. Kh1 Qxd3 35. fxg5 Qxb1+ 0-1

[Event "BCF-ch U14"]
[Site "Coventry"]
[Date "2015.08.02"]
[Round "2"]
[White "Bains Gillespie, Ethan"]
[Black "Cocks, Elliot"]
[Result "0-1"]
[WhiteElo "1506"]
[BlackElo "1780"]
[PlyCount "52"]
[EventDate "2015.08.02"]
[EventType "swiss"]
[EventRounds "7"]
[EventCountry "ENG"]
[SourceTitle "CBM 167 Extra"]
[Source "ChessBase"]
[SourceDate "2015.09.14"]
[SourceVersion "1"]
[SourceVersionDate "2015.09.14"]
[SourceQuality "1"]

1. c4 Nf6 2. g3 c6 3. Bg2 d5 4. Nc3 e6 5. cxd5 exd5 6. d4 Bd6 7. Nf3 0-0 8. 0-0 Nbd7 9. Bg5 h6 10. Bxf6 Nxf6 11. a3 a5 12. e3 Bf5 13. Rc1 Qe7 14. Na4 Nd7 15. Nh4 Bh7 16. Nf3 b5 17. Nc3 Nb6 18. Nd2 Nc4 19. Nxc4 bxc4 20. Re1 Qb7 21. e4 Qxb2 22. exd5 Bxa3 23. dxc6 Rae8 24. Qf3 Bd3 25. Nb1 Qb4 26. Nxa3 Rxe1+ 0-1

[Event "BCF-ch U13"]
[Site "Coventry"]
[Date "2015.07.29"]
[Round "4"]
[White "Samworth Calvier, Juju"]
[Black "Bains Gillespie, Ethan"]
[Result "1-0"]
[WhiteElo "1607"]
[BlackElo "1506"]
[PlyCount "75"]
[EventDate "2015.07.27"]
[EventType "swiss"]
[EventRounds "7"]
[EventCountry "ENG"]
[SourceTitle "CBM 167 Extra"]
[Source "ChessBase"]
[SourceDate "2015.09.14"]
[SourceVersion "1"]
[SourceVersionDate "2015.09.14"]
[SourceQuality "1"]

1. e4 c5 2. Nc3 Nc6 3. g3 g6 4. Bg2 Bg7 5. d3 d6 6. Nge2 e5 7. 0-0 Nf6 8. f4 0-0 9. h3 Rb8 10. g4 exf4 11. Bxf4 b5 12. Qd2 Nd7 13. Bxd6 Qb6 14. Bxf8 Nxf8 15. Nd5 Qd8 16. c3 Be6 17. Nef4 Ne5 18. Rad1 a6 19. Nxe6 Nxe6 20. Nf4 Nf8 21. Qe3 Qd6 22. b3 Qb6 23. Nd5 Qd6 24. d4 cxd4 25. cxd4 Ned7 26. e5 Qe6 27. Qf4 Rc8 28. Rc1 Rxc1 29. Rxc1 Kh8 30. Nc7 Qb6 31. Rc6 Qa7 32. Kh1 Kg8 33. Bd5 Ne6 34. Nxe6 Qa8 35. Nxg7 Kxg7 36. Qxf7+ Kh6 37. Rxg6+ hxg6 38. Bxa8 1-0

[Event "BCF-ch U13"]
[Site "Aberystwyth"]
[Date "2014.07.23"]
[Round "3"]
[White "Miller, Dominic"]
[Black "Bains Gillespie, Ethan"]
[Result "0-1"]
[WhiteElo "110"]
[BlackElo "128"]
[PlyCount "89"]
[EventDate "2014.07.22"]
[EventType "swiss"]
[EventRounds "7"]
[EventCountry "WLS"]
[SourceTitle "CBM 161 Extra"]
[Source "ChessBase"]
[SourceDate "2014.08.29"]
[SourceVersion "1"]
[SourceVersionDate "2014.08.29"]
[SourceQuality "1"]

1. c4 e6 2. g3 d5 3. Bg2 Nf6 4. Nc3 Be7 5. Nf3 0-0 6. d4 Nbd7 7. 0-0 b6 8. Nd2 Bb7 9. e4 dxe4 10. Ndxe4 Nxe4 11. Nxe4 Rb8 12. Nc3 Bxg2 13. Kxg2 Nf6 14. Bf4 Bd6 15. Qf3 Bxf4 16. Qxf4 Qd6 17. Qxd6 cxd6 18. Nb5 a6 19. Nc3 Rfd8 20. b4 d5 21. c5 bxc5 22. bxc5 Rdc8 23. Na4 Nd7 24. Rac1 g6 25. Rc2 Rc6 26. Kf3 Rb5 27. Rfc1 Ne5+ 28. Ke2 Nd7 29. f4 Kg7 30. Kf3 Nf6 31. Nb2 Ne4 32. Nd3 f6 33. Ke3 g5 34. fxg5 Nxg5 35. Nf4 Ne4 36. g4 Kf7 37. Nd3 a5 38. h4 h6 39. Rf1 Ke7 40. Rfc1 e5 41. Kf3 Ke6 42. Ke3 Nc3 43. Kf2 exd4 44. Kg3 Kf7 45. Rf1 0-1

[Event "Sunningdale e2e4 U1800 op 04"]
[Site "Sunningdale"]
[Date "2014.04.20"]
[Round "7"]
[White "Neil, Graham"]
[Black "Bains Gillespie, Ethan"]
[Result "1/2-1/2"]
[WhiteElo "1630"]
[BlackElo "1653"]
[PlyCount "103"]
[EventDate "2014.04.17"]
[EventType "swiss"]
[EventRounds "7"]
[EventCountry "ENG"]
[SourceTitle "EXT 2015"]
[Source "ChessBase"]
[SourceDate "2014.11.20"]
[SourceVersion "1"]
[SourceVersionDate "2014.11.20"]
[SourceQuality "1"]

1. c4 e6 2. Nc3 d5 3. Nf3 Nf6 4. e3 Be7 5. d4 0-0 6. g3 c6 7. Bg2 Re8 8. 0-0 Nbd7 9. cxd5 cxd5 10. b3 Nb6 11. Bd2 Nbd7 12. Qc2 a6 13. Rfe1 Nf8 14. Rac1 Bd7 15. Ne2 Rc8 16. Qb2 Bc6 17. Nc3 Bb4 18. Ne5 Qd6 19. Nb1 Bxd2 20. Qxd2 N6d7 21. Nxc6 Rxc6 22. Rxc6 Qxc6 23. Rc1 Qb6 24. Qc3 f5 25. Nd2 Nf6 26. Bf1 Re7 27. Qc5 Qd8 28. Qc8 Qa5 29. Rc2 Ne4 30. Nxe4 fxe4 31. Qc5 Qd8 32. Qc8 Qxc8 33. Rxc8 Kf7 34. Be2 Nd7 35. Kg2 Nf6 36. Rc2 Ke8 37. h3 Kd7 38. a4 Kd6 39. Kf1 Rc7 40. Rxc7 Kxc7 41. b4 Kb6 42. Bg4 Nxg4 43. hxg4 Kc6 44. Ke2 Kd6 45. f4 Ke7 46. Kf2 Kf6 47. Kg2 g5 48. Kf2 Kg6 49. Kg2 b6 50. Kh3 h6 51. Kg2 b5 52. a5 1/2-1/2

[Event "Sunningdale e2e4 U1800 op 04"]
[Site "Sunningdale"]
[Date "2014.04.18"]
[Round "3"]
[White "Herring, Samuel"]
[Black "Bains Gillespie, Ethan"]
[Result "1-0"]
[WhiteElo "1746"]
[BlackElo "1653"]
[PlyCount "145"]
[EventDate "2014.04.17"]
[EventType "swiss"]
[EventRounds "7"]
[EventCountry "ENG"]
[SourceTitle "EXT 2015"]
[Source "ChessBase"]
[SourceDate "2014.11.20"]
[SourceVersion "1"]
[SourceVersionDate "2014.11.20"]
[SourceQuality "1"]

1. d4 d5 2. e3 e6 3. Bd3 Nf6 4. Nd2 Be7 5. f4 Nbd7 6. Ngf3 b6 7. Ne5 Bb7 8. Qf3 c5 9. c3 c4 10. Bxc4 Rb8 11. Bd3 0-0 12. 0-0 g6 13. g4 Ne8 14. Qh3 f5 15. Ndf3 Ng7 16. Bd2 Nf6 17. Ng5 Bd6 18. gxf5 exf5 19. Bb5 Bxe5 20. dxe5 Nfh5 21. Be2 Qc8 22. Nf3 Ba6 23. Qg2 Ne6 24. Nd4 Bxe2 25. Qxe2 Nxd4 26. exd4 Qe6 27. Be1 Nf6 28. Qb5 Ne4 29. a4 a5 30. Rc1 Rfc8 31. b3 Qc6 32. Qd3 Rc7 33. Bd2 Rbc8 34. Rc2 Nxd2 35. Qxd2 b5 36. Ra1 b4 37. Rac1 Qb7 38. Qd3 Kg7 39. c4 Qa6 40. Kf2 Qc6 41. Ke3 h6 42. c5 Rb7 43. Rg2 Kh7 44. Rcg1 Rg8 45. h4 h5 46. Qe2 Kh6 47. Kd2 Qe6 48. Qf3 Rc7 49. Kc2 Rc6 50. Qd3 Rg7 51. Qb5 Ra6 52. Kb2 Qc6 53. Qb8 Ra8 54. Qd6 Qxd6 55. cxd6 Rd8 56. Rc1 Ra7 57. Rc5 Kg7 58. Rxd5 Kf7 59. Rc5 Rdd7 60. d5 Kg7 61. Rgc2 Kh6 62. Rc7 Raxc7 63. dxc7 Rxc7 64. Rxc7 g5 65. fxg5+ Kg6 66. e6 f4 67. d6 f3 68. Rf7 f2 69. Rxf2 Kh7 70. d7 Kg7 71. d8Q Kh7 72. Rf7+ Kg6 73. Qf6# 1-0